| 000 | 00609nam a2200217Ia 4500 | ||
|---|---|---|---|
| 005 | 20260415173410.0 | ||
| 008 | 008 250505s9999 xx 000 0 hin d | ||
| 020 | _a978-81-953037-2-4 | ||
| 037 | _aTextBook | ||
| 040 |
_aFEDL _beng _cFEDL |
||
| 041 |
_ahin _2eng |
||
| 084 |
_a155.4 RAN/R _qFEDL |
||
| 100 | _aRanganathan Namita | ||
| 245 | 0 | _aBachchon ki duniyan: Vikas evam shiksha | |
| 260 |
_aDelhi, India _bShipra _c2023 |
||
| 300 | _ax, 170P. | ||
| 365 |
_aINR _b880 |
||
| 700 |
_a Kaushik Bharti _9783609 |
||
| 942 |
_cTB _h155.4 RAN/R |
||
| 999 |
_c1400009 _d1400009 |
||